[Event "Northwest inv"]
[Site "Vancouver"]
[Date "1989.05.14"]
[Round "9"]
[White "Vetemaa, Juri"]
[Black "O'Donnell, Tom"]
[Result "1/2-1/2"]
[WhiteElo "2405"]
[BlackElo "2395"]
[PlyCount "189"]
[EventDate "1989.05.06"]
[Source "Jonathan Berry"]
[SourceDate "2000.01.01"]

1. e4 c5 2. Nf3 d6 3. d4 cxd4 4. Qxd4 Nc6 5. Bb5 Bd7 6. Bxc6 Bxc6 7. Nc3 Nf6 8.
Bg5 e6 9. O-O-O Be7 10. Rhe1 O-O 11. Qd2 Qc7 12. Nd4 Rfc8 13. f3 b5 14. Kb1 a5
15. g4 b4 16. Nce2 h6 17. Be3 a4 18. Nxc6 Qxc6 19. Nd4 Qb7 20. h4 Nd7 21. g5
hxg5 22. hxg5 g6 23. Rh1 Bf8 24. Rh3 Bg7 25. Qh2 b3 26. cxb3 axb3 27. Rh1 bxa2+
28. Ka1 Kf8 29. Qxd6+ Ke8 30. Rh8+ Nf8 31. R8h2 Ra6 32. Qg3 e5 33. Nf5 gxf5 34.
exf5 Qb3 35. Qe1 Nd7 36. Bd4 Qd3 37. f6 Bf8 38. Qe2 Qxe2 39. Rxe2 Re6 40. Bc3
Ra8 41. b4 Rc6 42. Bxe5 Re6 43. f4 Bxb4 44. Rh8+ Bf8 45. Reh2 Rc6 46. Rxa2
Rxa2+ 47. Kxa2 Nxe5 48. fxe5 Re6 49. Kb3 Rxe5 50. Rg8 Rc5 51. Ka4 Rc8 52. Kb5
Kd7 53. g6 fxg6 54. Rxg6 Ke6 55. Rg2 Kxf6 56. Rf2+ Ke6 57. Re2+ Kd7 58. Rd2+
Bd6 59. Rg2 Rc5+ 60. Ka4 Kc6 61. Kb3 Kd7 62. Rg7+ Ke6 63. Rg2 Be5 64. Rd2 Rc3+
65. Kb4 Rc8 66. Kb5 Kf5 67. Re2 Bd4 68. Re1 Kf4 69. Rf1+ Ke4 70. Rf7 Rc5+ 71.
Kb4 Rc2 72. Kb5 Bc5 73. Rh7 Bd6 74. Rh1 Be5 75. Rd1 Bd4 76. Rh1 Kd5 77. Rh5+
Be5 78. Rh4 Rc8 79. Rh6 Rg8 80. Rc6 Bd4 81. Rc7 Rb8+ 82. Ka6 Rb6+ 83. Ka5 Rb1
84. Ka6 Bc5 85. Rb7 Rh1 86. Kb5 Bd6 87. Kb6 Rc1 88. Ka6 Bc7 89. Rb2 Bd6 90. Kb6
Rc5 91. Ka6 Rc6+ 92. Rb6 Rc7 93. Rb7 Rc8 94. Kb6 Rc1 95. Rh7 1/2-1/2